000 00626cam a22002173a 4500
001 18389
003 PGUSA
005 20140828083406.0
008 060514s2006||||xxu|||||s|||||000 | eng d
040 _aPGUSA
_beng
042 _adc
050 4 _aDD
245 1 0 _aThuringen :
_bDe Aarde en haar Volken, 1873
_h[electronic resource] /
_cAnonymous
260 _bProject Gutenberg,
_c2006
506 _aPublic domain in the USA.
516 _aElectronic text
653 _aThuringia (Germany) -- Description and travel
830 0 _aProject Gutenberg
_v18389
856 4 0 _uhttp://www.gutenberg.org/ebooks/18389
942 _cEB
999 _c247644
_d247644